000 00677nam a2200193Ia 4500
003 GCL
008 140319s9999 xx 000 0 ara d
040 _aGCL /
_cGCL
082 0 4 _a953
_bس ظ
100 1 _aساسى سالم الحاج
245 1 0 _aالظاهرة الاستشراقية واثرها فى الدراسات الاسلامية /
_cساسى سالم الحاج
260 _a[S.N] :
_bمركز دراسات العالم الاسلامى ،
_c1994
300 _aمتعدد
490 _a
650 0 4 _aالاسلام والمسيحية
650 0 4 _aالاستشراق والمستشرقون
650 0 4 _aالتاريخ الاسلامى
942 _2ddc
_cBK
999 _c35020
_d35020